| 000 | 01038cam a22003017a 4500 | ||
|---|---|---|---|
| 003 | CHAP | ||
| 005 | 20220329134536.0 | ||
| 008 | 971013s r 00010 d | ||
| 010 | _a21907 | ||
| 011 | _a22879 | ||
| 035 | _a26974 | ||
| 040 | _cCHAP | ||
| 082 |
_a385 _bB67 |
||
| 100 | 0 | 0 |
_aBourrieres, Paul. _914791 |
| 245 | 1 | 3 | _aLa economía de los transportes en los programas de desarrollo |
| 260 |
_aWashington : _bInstituto de Desarrollo Económico. Banco Internacional de Reconstrucción y Fomento, _c(s.a) |
||
| 300 |
_a256 p. _b: ilus. |
||
| 590 |
_aBATCH-UPD _b10 _c20130110 _lUCH01 _h0330 |
||
| 590 |
_aBATCH-UPD _b10 _c20130110 _lUCH01 _h2228 |
||
| 590 |
_aBATCH-UPD _b10 _c20130410 _lUCH01 _h0003 |
||
| 590 |
_aBATCH-UPD _b10 _c20130914 _lUCH01 _h2004 |
||
| 590 |
_aCONVERSION _b10 _c20130109 _lUCH01 _h1313 |
||
| 650 | 1 | 4 |
_aTransportes _xAspectos económicos. _9114647 |
| 650 | 1 | 4 |
_aTransportes _xAspectos sociales. _9114648 |
| 901 | _aBK | ||
| 942 | _cLIBRO | ||
| 949 |
_a385 B67 _bBC _cLIBRO _d33724000432829 _eLIBRO _h26360 _i26974 _si |
||
| 999 |
_c21907 _d21907 |
||